Politická geografie /

Hlavní autor: Fňukal, Miloš, 1970-
Korporativní autor: Univerzita Palackého. Přírodovědecká fakulta
Jazyk: Čeština
Vydáno: Olomouc : Univerzita Palackého v Olomouci, 2013
Vydání: 1. vyd.
Edice: Studijní opory
Témata:
Fyzický popis: 80 s. : il., mapy ; 29 cm
Knihy
Uloženo v:
LEADER 01517nam a2200409 a 4500
001 nkc20142583439
003 CZ PrNK
005 20140506133127.0
007 ta
008 140407s2013 xr ab e p 000 0 cze
015 |a cnb002583439 
020 |a 978-80-244-3900-6  |q (brož.) :  |c neprodejné 
035 |a (OCoLC)880869150 
040 |a BOA001  |b cze 
072 7 |a 911  |x Obecná geografie. Systematická geografie  |2 Konspekt  |9 7 
072 7 |a 37.016  |x Učební osnovy. Vyučovací předměty. Učebnice  |2 Konspekt  |9 22 
080 |a 911.3:32  |2 MRF 
080 |a (075.8)  |2 MRF 
100 1 |a Fňukal, Miloš,  |d 1970-  |7 ola2003199598  |4 aut 
245 1 0 |a Politická geografie /  |c Miloš Fňukal 
250 |a 1. vyd. 
260 |a Olomouc :  |b Univerzita Palackého v Olomouci,  |c 2013 
300 |a 80 s. :  |b il., mapy ;  |c 29 cm 
490 1 |a Studijní opory 
500 |a Nad názvem: Univerzita Palackého v Olomouci, Přírodovědecká fakulta 
504 |a Obsahuje bibliografii 
650 0 7 |a politická geografie  |7 ph124232  |2 czenas 
650 0 9 |a political geography  |2 eczenas 
655 7 |a učebnice vysokých škol  |7 fd133772  |2 czenas 
655 9 |a textbooks (higher)  |2 eczenas 
710 2 |a Univerzita Palackého.  |b Přírodovědecká fakulta  |7 kn20010709377 
810 2 |a Univerzita Palackého.  |t Studijní opory  |0 s 
910 2 |a BOA001  |b 4-1325.187 
990 |a BK 
995 |a 01 
991 |b 201404  |c NOV  |e n 
996 6 |b 2610587612  |c 4-1325.187  |l MZK  |r Sklad / do 1 hodiny  |n 7  |p p.v.  |w 001414138  |u 000010  |a 1  |e BOA001  |j MZK50  |s P